Dance Moms Chloe's Solos With Pictures - Statistics

General Stats
  • This quiz has been taken 133 times
  • The average score is 26 of 47
Answer Stats
Picture Answer % Correct
Baby Mine
97%
Dream On a Star
82%
Mother
82%
Red Queen
77%
Another Season
75%
You Can
75%
Silence
74%
Parlez Moi
67%
Angry Bird
66%
Watercolors Fade
64%
Born to Sing
63%
Ghost
61%
Leave the Light On
61%
Another Girl
60%
Beautiful
60%
The Raven
60%
Soaring
59%
Black Heart
58%
Seeing Red
58%
Unchained
58%
Don't Catch Me
57%
Friday Night
57%
Haunted
55%
In For the Thrill
55%
Hear Me Roar
53%
Lucky Star
53%
Please
53%
Missing You
52%
The Reason Why
52%
Fired Up
50%
Glitz and Glamour
50%
Left in the Dark
49%
Nobody's Perfect
49%
Trouble
49%
Wreck It
49%
About Mother
47%
Into Me
47%
Proof
45%
Keep Burning
43%
They Don't Want My Kind Around Here
43%
Send Down Your Love
41%
Follow You
40%
Am I Here To Stay?
39%
I Know It's Too Late
36%
I Should Have Known
36%
My Obsession
36%
What Goes Around
36%
No matching quizzes found
Score Distribution
Percent of People with Each Score
Percentile by Number Answered
Your Score History
You have not taken this quiz